00720nam a22001457a 4500003000400000005001700004008004100021020001500062040002600077041000800103082001400111100003000125245004800155520037100203OSt20250619102919.0230518s1975 |||||||| |||| 00| f eng d a0553024949 aCO-JMCRbspacCO-JMCR0 aeng aA-NbLESm aLessing, Doris / eautora14aThe memoirs of a survivor / cDoris Lessing aThis is the bizarre journal of a woman. The time is the Furute. The setting, Modern Society, a nightmare of fouled-up telephones and broken-down buses, of scarce water, polluted air and adolescent gangs scavenging in deserted streets. The woman, guardian of a twelve-year-old child, is making her escape from the world of reality into the world of an imaginary past.